[Event "Kishinev ULIM op"]
[Site "Kishinev"]
[Date "2007.10.10"]
[Round "5"]
[White "Panush, Viktor"]
[Black "Roitman, Leonid"]
[Result "1/2-1/2"]
[WhiteElo "2235"]
[BlackElo "2019"]
[PlyCount "20"]
[EventDate "2007.10.06"]
[EventType "swiss"]
[EventRounds "9"]
[EventCountry "MDA"]
[SourceTitle "EXT 2008"]
[Source "ChessBase"]
[SourceDate "2007.11.25"]
[SourceVersion "1"]
[SourceVersionDate "2007.11.25"]
[SourceQuality "1"]

1. d4 d5 2. c4 c6 3. Nc3 Nf6 4. e3 a6 5. Nf3 b5 6. cxd5 cxd5 7. Bd3 Bg4 8. 0-0 e6 9. e4 dxe4 10. Nxe4 Nbd7 1/2-1/2

[Event "Bucharest op"]
[Site "Bucharest"]
[Date "2007.09.??"]
[Round "?"]
[White "Roitman, Leonid"]
[Black "Cosma, Ioan"]
[Result "0-1"]
[WhiteElo "1996"]
[BlackElo "2467"]
[PlyCount "46"]
[EventDate "2007.09.??"]
[EventType "swiss"]
[EventRounds "9"]
[EventCountry "ROU"]
[SourceTitle "EXT 2010"]
[Source "ChessBase"]
[SourceDate "2010.11.25"]
[SourceVersion "1"]
[SourceVersionDate "2010.11.25"]
[SourceQuality "1"]

1. e4 c5 2. Nc3 Nc6 3. Bb5 Nd4 4. Bc4 g6 5. Nf3 Bg7 6. Nxd4 cxd4 7. Qf3 Nh6 8. Ne2 0-0 9. h3 e6 10. d3 f5 11. Qg3 fxe4 12. dxe4 d5 13. exd5 exd5 14. Bd3 Nf5 15. Qh2 Nd6 16. 0-0 Ne4 17. Ng3 Nc5 18. Bd2 Qb6 19. b3 Bd7 20. f4 Rae8 21. f5 Ne4 22. Bf4 Bxf5 23. Bc7 Qxc7 0-1

[Event "Kishinev Binefacere op"]
[Site "Kishinev"]
[Date "2007.04.27"]
[Round "7"]
[White "Bakharev, Andrei"]
[Black "Roitman, Leonid"]
[Result "1-0"]
[WhiteElo "2112"]
[BlackElo "1997"]
[PlyCount "85"]
[EventDate "2007.04.21"]
[EventType "swiss"]
[EventRounds "9"]
[EventCountry "MDA"]
[SourceTitle "CBM 118 Extra"]
[Source "ChessBase"]
[SourceDate "2007.07.04"]
[SourceVersion "1"]
[SourceVersionDate "2007.07.04"]
[SourceQuality "1"]

1. d4 d5 2. c4 c6 3. Nf3 Nf6 4. Nc3 a6 5. g3 e6 6. Bg2 Nbd7 7. b3 Bb4 8. Bd2 0-0 9. 0-0 Bd6 10. Qc2 b5 11. Rfd1 Bb7 12. c5 Bc7 13. b4 a5 14. a3 e5 15. e4 axb4 16. axb4 Rxa1 17. Rxa1 Nxe4 18. Nxe4 dxe4 19. Qxe4 Nf6 20. Qe3 e4 21. Ng5 Re8 22. Nxe4 Nd5 23. Qb3 Bc8 24. Ra8 Qe7 25. Nc3 Nxc3 26. Qxc3 Qf6 27. Bh3 Bd7 28. Rxe8+ Bxe8 29. Qe3 Kf8 30. Qe4 Qg6 31. Bf5 Qf6 32. Bxh7 Bd7 33. h4 Qe6 34. Qxe6 Bxe6 35. Be4 Bd7 36. Kg2 g6 37. Bc3 Ke7 38. Kf1 Bh3+ 39. Ke2 Kd7 40. Bd2 Be6 41. Bg5 Bb8 42. Ke3 Bc7 43. Bf6 1-0

[Event "Kishinev ULIM Cup"]
[Site "Kishinev"]
[Date "2005.10.16"]
[Round "9"]
[White "Butuc, Maria"]
[Black "Roitman, Leonid"]
[Result "0-1"]
[WhiteElo "2092"]
[BlackElo "1918"]
[PlyCount "92"]
[EventDate "2005.10.08"]
[EventType "swiss"]
[EventRounds "9"]
[EventCountry "MDA"]
[SourceTitle "CBM 108 Extra"]
[Source "ChessBase"]
[SourceDate "2005.11.04"]
[SourceVersion "1"]
[SourceVersionDate "2005.11.04"]
[SourceQuality "1"]

1. e4 d5 2. exd5 Nf6 3. c4 c6 4. d4 cxd5 5. Nc3 e6 6. c5 Nc6 7. Nf3 Ne4 8. Qc2 Qa5 9. a3 Be7 10. Rb1 Nxc3 11. Qxc3 Qxc3+ 12. bxc3 Bf6 13. Bb5 Bd7 14. Bf4 a6 15. Ba4 Na5 16. Bxd7+ Kxd7 17. 0-0 Rae8 18. Rb4 Kc8 19. Rfb1 Bd8 20. Ne5 Bc7 21. Nd3 Bxf4 22. Nxf4 Kc7 23. Nd3 Rb8 24. Ne5 Rhf8 25. f4 f6 26. Nf3 Nc4 27. a4 b6 28. cxb6+ Rxb6 29. Re1 Rfb8 30. Reb1 a5 31. Rb5 Rxb5 32. axb5 Nd6 33. Kf1 Rxb5 34. Ra1 Nc4 35. Ke1 Rb2 36. g3 Rc2 37. Rb1 Rxc3 38. Ng1 a4 39. Ne2 Rc2 40. Ra1 a3 41. Kd1 Rd2+ 42. Ke1 a2 43. Nc1 Rxh2 44. Rxa2 Rh1+ 45. Ke2 Rxc1 46. Ra7+ Kd6 0-1

[Event "Kishinev ULIM Cup"]
[Site "Kishinev"]
[Date "2005.10.14"]
[Round "7"]
[White "Chirpii, Alexandru"]
[Black "Roitman, Leonid"]
[Result "0-1"]
[WhiteElo "1969"]
[BlackElo "1918"]
[PlyCount "48"]
[EventDate "2005.10.08"]
[EventType "swiss"]
[EventRounds "9"]
[EventCountry "MDA"]
[SourceTitle "CBM 108 Extra"]
[Source "ChessBase"]
[SourceDate "2005.11.04"]
[SourceVersion "1"]
[SourceVersionDate "2005.11.04"]
[SourceQuality "1"]

1. b4 e5 2. Bb2 Bxb4 3. Bxe5 Nf6 4. c4 d5 5. cxd5 Qxd5 6. Nf3 Bg4 7. Nc3 Bxc3 8. Bxc3 Bxf3 9. gxf3 Nbd7 10. Qb3 Qxb3 11. axb3 0-0 12. Rg1 g6 13. e4 Rfe8 14. Kd1 c5 15. Bh3 Ne5 16. Bg2 Nh5 17. Kc2 Nf4 18. Bxe5 Rxe5 19. Ra4 Rg5 20. Rga1 Rxg2 21. Rxa7 Rxa7 22. Rxa7 Rxf2 23. Rxb7 Rxf3 24. Rc7 Ne6 0-1

[Event "Kishinev ULIM Cup"]
[Site "Kishinev"]
[Date "2005.10.08"]
[Round "1"]
[White "Martemianov, Iaroslav"]
[Black "Roitman, Leonid"]
[Result "1-0"]
[WhiteElo "2254"]
[BlackElo "1918"]
[PlyCount "57"]
[EventDate "2005.10.08"]
[EventType "swiss"]
[EventRounds "9"]
[EventCountry "MDA"]
[SourceTitle "CBM 108 Extra"]
[Source "ChessBase"]
[SourceDate "2005.11.04"]
[SourceVersion "1"]
[SourceVersionDate "2005.11.04"]
[SourceQuality "1"]

1. e4 c5 2. Nc3 Nc6 3. g3 g6 4. Bg2 Bg7 5. d3 d6 6. f4 e5 7. Nf3 Nge7 8. Be3 Nd4 9. h3 0-0 10. 0-0 Rb8 11. Qd2 b5 12. fxe5 dxe5 13. Bh6 Nec6 14. Bxg7 Kxg7 15. Nd5 Nxf3+ 16. Rxf3 Nd4 17. Rf2 Be6 18. c3 Nc6 19. Raf1 Ne7 20. Qe3 Qd6 21. d4 cxd4 22. cxd4 Bxd5 23. exd5 Nxd5 24. Qe4 Nc7 25. dxe5 Qe7 26. Qc6 Qxe5 27. Qd7 Qc5 28. Kh2 Qe5 29. Rxf7+ 1-0